000 01085nam a22002057a 4500
999 _c7775
_d7775
003 AR-CdUCM
008 190321b ||||| |||| 00| 0 spa d
040 _aMUNICIPALIDAD PROVINCIAL DEL CUSCO
_cBIBLIOTECA MUNICIPAL DEL CUSCO
082 _a627.5 /
_bN38
100 _aNelson, Michael
_921971
245 _aEl Aprovechamiento de las Tierras Tropicales en America Latina /
260 _aMexico :
_bSiglo XXI ,
_c1977.
300 _a333 páginas ;
_c23 cm.
505 _aContenido : El papel de las tierras tropicales en el desarrollo de america latina -- Dos teorias sobre el aprovechamiento de tierras en los tropicos humedos -- El aprovechamento de nuevas tierras practicas y problemas vigentes -- Estudio de 24 proyectos de aprovechamiento -- Conservacion y utilizacion de los recursos naturales -- Factores que influyen en la politica de aprovechamiento: seleccion de zonas, beneficiarios e infraestructura...
650 _aMejoramiento de Suelos
_921972
650 _aPlanificacion Economica
_97615
650 _aTierras Tropicales
_921973
942 _2ddc
_cLIBROS
945 _artm